000 01128nam a22003257a 4500
003 CHAP
005 20220329140244.0
008 971013s1952 r 00010 d
010 _a49317
011 _a50289
035 _a54439
040 _cCHAP
082 _a636.0896
_bR62
100 0 0 _aRoberts, F. H. S.
_997917
245 _aInsects affecting livestock, with special reference to important species occurring in Australia
260 _aSydney :
_bAngus and Robertson,
_c1952
300 _a267 p.
590 _aBATCH-UPD
_b10
_c20130109
_lUCH01
_h2341
590 _aBATCH-UPD
_b10
_c20130110
_lUCH01
_h0726
590 _aBATCH-UPD
_b10
_c20130409
_lUCH01
_h1910
590 _aBATCH-UPD
_b10
_c20130914
_lUCH01
_h1311
590 _aCONVERSION
_b10
_c20130109
_lUCH01
_h1327
650 1 4 _aEntomología económica.
_937145
650 1 4 _aGanado
_xEnfermedades.
_944909
650 1 4 _aInsectos como transmisores de contagio.
_958955
901 _aBK
942 _cLIBRO
949 _a636.0896 R62
_bBC
_cLIBRO
_d33724000093571
_eLIBRO
_h24477
_i54439
_si
949 _a636.0896 R62
_bBC
_cLIBRO
_d33724000093589
_eLIBRO
_fc.2
_h24478
_i54439
_si
999 _c49317
_d49317